000 01027naa a2200301 c 4500
001 39665
003 ES-MaCES
005 20100105082300.0
008 100105n2009 sp d t 000 | spa d
035 _aCES20100000011v
040 _aES-MaCES
_bspa
_cES-MaCES
245 0 0 _aCalidad, normalización y competitividad
650 4 _aEspaña
_926964
650 4 _aglobalización económica
_930653
650 4 _aplanificación corporativa
_930332
650 4 _amecanismo de control
_929918
650 4 _aeficacia
_930813
650 4 _anormalización
_928255
650 4 _aformación profesional
_927394
650 4 _anorma de calidad
_928254
650 4 _acontrol de calidad
_928253
650 4 _aadministración general de la calidad
_930589
653 1 0 _aCiencias Empresariales
773 0 _tRevista del Instituto de Estudios Económicos
_gn. 4 (2009){10219 R. 075732}; p. 248
_w(ES-MaCES)25234
_944488
902 _aART Artículo de revista
942 _2CES
_cAR
_h7.0.
999 _c39665
_d39665